000 00983cab a2200205 4500
001 ABS37189
008 090401t1986 xxu||||| |||| 00| 0 eng d
035 _a(Sirsi) u2733
041 _aeng
100 _aDrake, B.
245 _aRepairs in the pipeline
260 _c1986
350 _a0
490 _aBuilding
_v251(51/52) 19/26 December 1986,60-61 (2)
520 _aDescribes renovation methods effective in the repair of small sewers . Insituform involves remote relining of sewers; RATS (Remote Axial Tank Saw) operated by closed-circuit television allows interconnections to be cut more cheaply between the relined sewer and its feeder or extract pipes from within the sewer. Finally impact moling involving the destruction of existing pipes from within by the hammer action of a "mole", which pulls a new plastic liner through an original liner.
650 _aDRAINS
690 _aBUILDING AND CONSTRUCTION-REPAIRS AND MAINTENANCE
942 _n0
948 _c04/03/1997
999 _c1645
_d1645